000 00301nam a2200109Ia 4500
008 220216s9999 xx 000 0 und d
100 _aBhatnagar S K
245 0 _aThiazole and sulfenamide accelerated sulfur vulcanization
260 _bThe Rubber International
_c2009
300 _a17-21
942 _cJS
999 _c71307
_d71307